00534nam a2200193 a 4500001001300000003000900013005001700022008004100039020001000080082001600090100001900106245007700125260003500202300000900237500003500246505001300281650002700294700001900321nice12345678IN_TiNIC20260116012121.0050524s0000 newa grp 000 0 eng  ac10000a248.22bKEP aKepler, Thomas aFellowship of the Saintsb Anthology of Christian Devotional Literature. aNew YorkbAbingdon Pressc0000 a800p aincludes index and biblioraphy2 aAppendex aMysticism-Christianity1 aKepler, Thomas